| 000 | 00810nam a22002297a 4500 | ||
|---|---|---|---|
| 008 | 081222t xxu||||| |||| 00| 0 eng d | ||
| 010 | _aENG-92244 | ||
| 020 | _c70.00 | ||
| 035 | _aEN-75777 | ||
| 037 | _bDBAD / PUB | ||
| 040 |
_adpl _bEnglish |
||
| 082 | _a954.09092 | ||
| 100 | _aAruna, K. | ||
| 245 |
_aJawaharlal Nehru / _cby K. Aruna |
||
| 260 |
_bMercury Printers & Publishers _c2007 _aPerambalur |
||
| 300 |
_a77p. _c18cm (pbk) |
||
| 500 | _aIncludes references | ||
| 600 | _aNehru, Jawaharlal,1889-1964. | ||
| 650 |
_aPrime ministers _zIndia _xBiography. |
||
| 942 |
_2ddc _cEN _mARU _h954.09092 |
||
| 999 |
_c20133 _d20133 |
||